000 00576nam a22001457a 4500
005 20241221092216.0
008 241002b |||||||| |||| 00| 0 eng d
082 _2DPer050 M72 January-March 2018 v. 66 no. 8-10
100 _aLuna, Gabriel L.
_eauthor.
_962019
245 _aWhy the christmas tree is displayed during christmas season /
_cGabriel L. Luna.
260 _aPhilippines;
_bPublishers Association of the Philippines, Inc.,
_cDecember 2018.
300 _aVolume 66, pages 262-265,
_billustration.
700 _aLuna, Gabriel L.
_eauthor.
_962021
942 _2ddc
_cPER
999 _c22111
_d22111